000 00818nam a2200253 i 4500
001 16010
003 ES-MaACL
005 20230906151227.0
007 t|
008 000601s1997 sp ||||0| spa
020 _a84-7846-690-8
080 _a929 Unamuno, Miguel de
080 _a821.134.2 Unamuno, Miguel de 1.06
100 1 _aEgido, Luciano G.
_946732
245 1 0 _aMiguel de Unamuno /
_cLuciano González Egido.
260 _a[Valladolid] :
_bConsejería de Educación y Cultura,
_c1997.
300 _a192 p. :
_bil. ;
_c24 cm.
490 1 _aVillalar 98. Serie maior
600 1 4 _aUnamuno, Miguel de,
_d1864-1936
_9111982
710 1 _aCastilla y León.
_bConsejería de Educación y Cultura.
_92500
830 1 _aVillalar 98. Serie maior
_9179834
852 _aES-MaACL
_jL-23156
999 _c16010
_d16010